| 000 | 00677cab a2200205 4500 | ||
|---|---|---|---|
| 001 | WB2701-70 | ||
| 008 | 090401t1990 xxu||||| |||| 00| 0 eng d | ||
| 035 | _a(Sirsi) u65292 | ||
| 041 | _aeng | ||
| 245 | _aTransport and development | ||
| 260 | _c1990 | ||
| 350 | _a0 | ||
| 490 |
_aPlanning (for the Natural and Built Environment) _v21/12/90 p12 |
||
| 520 | _aThe Association of District Councils has called for a better balance between transport ation and development proposals. | ||
| 650 | _aPLANNING | ||
| 650 | _aPROPERTY-INFRASTRUCTURE-TRANSPORT INFRASTRUCTURE-ROAD INFRASTRUCTURE | ||
| 690 | _aTRANSPORT AND COMMUNICATIONS | ||
| 942 | _n0 | ||
| 948 | _c04/03/1997 | ||
| 999 |
_c40717 _d40717 |
||